KNOWLEDGE MANAGEMENT AS A STRATEGIC ASSE (Record no. 31588)

MARC details
000 -LEADER
fixed length control field 00360nam a2200133Ia 4500
008 - FIXED-LENGTH DATA ELEMENTS--GENERAL INFORMATION
fixed length control field 240624s9999 xx 000 0 und d
041 ## - LANGUAGE CODE
Language code of text/sound track or separate title eng
082 ## - DEWEY DECIMAL CLASSIFICATION NUMBER
Classification number 658.4038 POI
100 ## - MAIN ENTRY--PERSONAL NAME
Personal name JOHANNESSEN JON ARILD
245 ## - TITLE STATEMENT
Title KNOWLEDGE MANAGEMENT AS A STRATEGIC ASSE
260 ## - PUBLICATION, DISTRIBUTION, ETC.
Date of publication, distribution, etc. 2019
Place of publication, distribution, etc. United Kingdom
Name of publisher, distributor, etc. Emerald
300 ## - PHYSICAL DESCRIPTION
Extent viii, 153 p.; 23 cm.
365 ## - TRADE PRICE
Currency code BPS
Price amount 35
Holdings
Withdrawn status Lost status Damaged status Not for loan Home library Current library Shelving location Date acquired Total Checkouts Full call number Barcode Date last seen Date last checked out Copy number Price effective from Koha item type
        IMTN IMTN Rack 29-A 04/24/2019 1 658.4038 POI 31588 07/13/2024 07/11/2024 95.6 06/24/2024 Books
Designed & Maintained by: LRC IMT Nagpur Contact: lrc@imtnag.ac.in© 2024. All Rights Reserved.